| 000 | 00554nam a22001697a 4500 | ||
|---|---|---|---|
| 999 |
_c14485 _d14485 |
||
| 008 | 161003b xxu||||| |||| 00| 0 eng d | ||
| 020 | _a0766818209 | ||
| 050 | _aR697 .A4S5 1999 | ||
| 100 | _aSimmers, Louise | ||
| 245 |
_aDiversified Health Occupations/ _cLouise Simmers |
||
| 250 | _a5th ed. | ||
| 260 |
_aAfrica: _bDelmar/Thompson Learning, _c1999 |
||
| 300 |
_axvii, 862p. : _bill. ; _c28cm. |
||
| 500 | _aIncludes references and index. | ||
| 650 |
_aAllied health personnel _xVocational guidance |
||
| 942 |
_2lcc _cBOOKS _hR697 .A4S5 1999 |
||